|
|
|
|
| LEADER |
00000naa a2200000uu 4500 |
| 001 |
vtls010947466 |
| 003 |
SK-MaSNL |
| 005 |
20260302125647.0 |
| 008 |
210910|1999 xo |||||||||||||||||slo| |
| 015 |
|
|
|a SNBRA
|
| 035 |
|
|
|a (urnnbn)urn:nbn:sk:snk:ar-a0bgvy
|
| 035 |
|
|
|a (uuid)be8434eb-1081-4e6a-bc40-bb49e11e8783
|
| 035 |
|
|
|a urn:nbn:sk:snk-aau8zy
|
| 040 |
|
|
|a SNKBUCL
|b slo
|c SNKBUCL
|e AACR2
|
| 041 |
0 |
|
|a slo
|
| 044 |
|
|
|a xo
|c SK
|
| 100 |
1 |
|
|a Šalak, Andrej,
|d 1924-2018
|4 aut
|9 197931
|
| 245 |
1 |
0 |
|a VLASTNOSTI SPEKANÝCH Fe-Cr-Mo-V OCELÍ
|c A. Šalak, Ľ. Parilák, M. Selecká
|
| 246 |
3 |
|
|a PROPERIES OF SINTERED Fe-Cr-Mo-V STEELS
|
| 700 |
1 |
|
|a Parilák, Ľudovít,
|d 1948-
|4 aut
|9 93758
|
| 700 |
1 |
|
|a Selecká, M.
|4 aut
|9 155323
|
| 773 |
0 |
|
|t Technológia '99
|d Bratislava : Slovenská technická univerzita, 1999, 1999
|g S. 184-187
|z 8022712558
|
| 958 |
|
|
|a OND
|
| 958 |
|
|
|a article11
|
| 958 |
|
|
|a chapter
|
| 999 |
|
|
|c 1294913
|d 1296843
|